<?xml version="1.0" encoding="UTF-8"?>
<record
    xmlns:xsi="http://www.w3.org/2001/XMLSchema-instance"
    xsi:schemaLocation="http://www.loc.gov/MARC21/slim http://www.loc.gov/standards/marcxml/schema/MARC21slim.xsd"
    xmlns="http://www.loc.gov/MARC21/slim">

  <leader>03519nam a22003853i 4500</leader>
  <controlfield tag="001">991107213093406196</controlfield>
  <controlfield tag="005">20251006122421.0</controlfield>
  <controlfield tag="006">m     o  d |      </controlfield>
  <controlfield tag="007">cr cnu||||||||</controlfield>
  <controlfield tag="008">220322s2021    xx      o     ||||0 eng d</controlfield>
  <datafield tag="020" ind1=" " ind2=" ">
    <subfield code="a">9783110543834</subfield>
  </datafield>
  <datafield tag="024" ind1="7" ind2=" ">
    <subfield code="a">10.1515/9783110543827</subfield>
    <subfield code="2">doi</subfield>
  </datafield>
  <datafield tag="035" ind1=" " ind2=" ">
    <subfield code="a">(CKB)5400000000010074</subfield>
  </datafield>
  <datafield tag="035" ind1=" " ind2=" ">
    <subfield code="a">(MiAaPQ)EBC5158027</subfield>
  </datafield>
  <datafield tag="035" ind1=" " ind2=" ">
    <subfield code="a">(Au-PeEL)EBL5158027</subfield>
  </datafield>
  <datafield tag="035" ind1=" " ind2=" ">
    <subfield code="a">(DE-B1597)481013</subfield>
  </datafield>
  <datafield tag="035" ind1=" " ind2=" ">
    <subfield code="a">(DE-B1597)9783110543827</subfield>
  </datafield>
  <datafield tag="035" ind1=" " ind2=" ">
    <subfield code="a">(EXLCZ)995400000000010074</subfield>
  </datafield>
  <datafield tag="040" ind1=" " ind2=" ">
    <subfield code="a">MiAaPQ</subfield>
    <subfield code="b">eng</subfield>
    <subfield code="e">rda</subfield>
    <subfield code="e">pn</subfield>
    <subfield code="c">MiAaPQ</subfield>
    <subfield code="d">MiAaPQ</subfield>
  </datafield>
  <datafield tag="041" ind1=" " ind2=" ">
    <subfield code="a">English</subfield>
  </datafield>
  <datafield tag="044" ind1=" " ind2=" ">
    <subfield code="a">gw</subfield>
    <subfield code="c">DE</subfield>
  </datafield>
  <datafield tag="050" ind1="0" ind2="0">
    <subfield code="a">HF5429</subfield>
    <subfield code="b">.B4465 2021</subfield>
  </datafield>
  <datafield tag="100" ind1=" " ind2=" ">
    <subfield code="a">Berger-Grabner, Doris</subfield>
    <subfield code="9">25689</subfield>
  </datafield>
  <datafield tag="245" ind1="1" ind2="0">
    <subfield code="a">Strategic Retail Management and Brand Management </subfield>
    <subfield code="b">: Trends, Tactics, and Examples</subfield>
    <subfield code="c">/ Doris Berger-Grabner</subfield>
  </datafield>
  <datafield tag="264" ind1=" " ind2="1">
    <subfield code="a">Berlin ; Munich ; Boston, MA :</subfield>
    <subfield code="b">Walter de Gruyter GmbH,</subfield>
    <subfield code="c">2021.</subfield>
  </datafield>
  <datafield tag="300" ind1=" " ind2=" ">
    <subfield code="a">456 pages :</subfield>
    <subfield code="b">illustrations, tables (some color) ;</subfield>
    <subfield code="c">24 cm.</subfield>
  </datafield>
  <datafield tag="490" ind1=" " ind2=" ">
    <subfield code="a">De Gruyter Studium </subfield>
  </datafield>
  <datafield tag="505" ind1=" " ind2=" ">
    <subfield code="a">Part One: Strategic Retail Management &#x2014;
An overview of strategic retail management &#x2014;
Strategic retail management &#x2014;
Marketing mix in retailing &#x2014;
E-commerce, E-tailing, and digitalization &#x2014;

Part Two: Brand Management &#x2014;
An overview of Brand Management &#x2014;
Strategic brand management &#x2014;
Branding decisions &#x2014;
Brand communication &#x2014;
Branding and digitalization.</subfield>
  </datafield>
  <datafield tag="520" ind1=" " ind2=" ">
    <subfield code="a">In this book a comprehensive coverage of major retailing topics and contemporary issues in retailing and branding is given, including many cases and practical examples. Besides introducing the topic strategic planning in retailing and fundamentals in the fields of the marketing mix in retailing, this book builds on e-tailing and digitalization. Moreover, trends and developments in consumer behavior and consumers&#x2019; purchase decisions, especially in the fast moving consumer goods market, are explained. Furthermore, this book builds on the major topic strategic brand management and branding decisions in general and in particular within the retail landscape. The retail industry and associated business models have gone through a significant phase of disruption. The rapid emergence of new technologies, digital business models and the evolution of social media platforms as a new sales channel continue to influence the sector. Key contextual or external trends will affect and shape the retail landscape in the years to come. Therefore, it seems important to prepare for this situation and be ready with a head start in terms of knowledge. This textbook provides its readers basic knowledge about the national and international retail sector and gives important insights into trends and developments. It deals with key trends, in particular new patterns of personal consumption, evolving geopolitical dynamics, technological advancements and structural industry shifts. Moreover, it explains why it is so important that retailers use these trends, adapt their retail strategies and tactics, create strong brands and come up with innovative, new ways of doing business. Today we are living in a challenging time for retail. This textbook tries to give insights and explanations to better understand these challenges and provide managerial implications.</subfield>
  </datafield>
  <datafield tag="588" ind1=" " ind2=" ">
    <subfield code="a">Description based on publisher supplied metadata and other sources.</subfield>
  </datafield>
  <datafield tag="650" ind1=" " ind2="0">
    <subfield code="a">Branding (Marketing)</subfield>
    <subfield code="9">6284</subfield>
  </datafield>
  <datafield tag="650" ind1=" " ind2="0">
    <subfield code="a"> Retail Management</subfield>
    <subfield code="9">9152</subfield>
  </datafield>
  <datafield tag="650" ind1=" " ind2="0">
    <subfield code="a">Consumer behaviour</subfield>
    <subfield code="9">10286</subfield>
  </datafield>
  <datafield tag="942" ind1=" " ind2=" ">
    <subfield code="2">lcc</subfield>
  </datafield>
  <datafield tag="952" ind1=" " ind2=" ">
    <subfield code="0">0</subfield>
    <subfield code="1">0</subfield>
    <subfield code="2">lcc</subfield>
    <subfield code="4">0</subfield>
    <subfield code="7">0</subfield>
    <subfield code="a">TBS</subfield>
    <subfield code="b">TBS</subfield>
    <subfield code="d">2025-07-07</subfield>
    <subfield code="l">0</subfield>
    <subfield code="o">HF5429 BER</subfield>
    <subfield code="p">B07655</subfield>
    <subfield code="r">2025-07-07</subfield>
    <subfield code="t">1</subfield>
    <subfield code="w">2025-07-07</subfield>
    <subfield code="y">1</subfield>
  </datafield>
  <datafield tag="999" ind1=" " ind2=" ">
    <subfield code="c">4832</subfield>
    <subfield code="d">4832</subfield>
  </datafield>
</record>
